000 00374pam a2200157 a 4500
020 _c
041 _h
082 _a641.5
100 _aPRITI NARAIN
_eAuthor
245 _aTHE ESSENTIAL DELHI COOK BOOK
_cPRITI NARAIN
_hTextual Documents
260 _aNew Delhi
_bPENGUIN Books Ltd
300 _a292
653 _afood production
700 _eCo-Author
930 _a4918
999 _c232315
_d232315